Регионална библиотека "Любен Каравелов" - Русе

Благодатната земя на Казахстан (Запис номер 117979)

MARC детайли
000 -Лидер
Контролно поле с фиксирана дължина 01649nam a2200337 c 4500
003 - Код на организацията, давaща контролен номер
Контролно поле BLK
005 - Дата и час на последна редакция
Контролно поле 20230627115150.0
008 - Елементи от данни с фиксирана дължина
fixed length control field 180409b bul|||||r ||||||| ||bul||
010 ## - Наследен системен номер
LC control number KNG00123580000
020 ## - Международен стандартен номер на книга ISBN
Международен стандартен номер на книга ISBN 978-954-92526-7-5
-- издат.: ПАМ Пъблишинг Къмпани
040 ## - Източник на каталожния запис
Идентификатор на билиотеката - собственик на записа BLK
041 ## - Код за език
Код за езика на текст/звукозапис или на отделно заглавие Български
Код за езика КДБФ Български
072 #7 - Код за тематичната категория
Код организация bullib
Код за тематична категория Н83
Текст Чужда художествена литература Н
080 ## - УДК
Текстов определител УДК Казахска литература
УДК код - определител по УДК 821.512.122
УДК определител -34
УДК - код + определител 821.512.122-34
139 ## - Редно поле
Редна дума Благодатната земя на Казахстан
Авторски знак Бл - Б 47
245 10 - Сведения за заглавието
Заглавие Благодатната земя на Казахстан
Подзаглавни данни Предания и легенди за Баянаул
Редно поле (дума) състав. Алевтина Цветкова; прев. Иван Димитров Тотоманов.
257 ## - Страна на издаване
Страна на създаване/издаване Казахстан
260 ## - Област на издателските данни
-- София
Име на издателя, разпространителя и проч. ПАМ Пъблишинг Къмпани
Година на издаване 2010
Печатница София : Хермес-Прес
300 ## - Физическа характеристика
Страници 127 с.
Илюстрации и др. с цв. ил., к.
Размери/Мащаб 21 см
380 ## - Жанр
Жанр Худож. лит.
500 ## - Общи забележки
Забележка Други състав. отбелязани в библиогр. каре : Н. Т. Ержанов, А. А. Садъкова - Перли от Казахстан / Николай Ников. - Библиогр. след отд. материали.
659 ## - Тематичен бюлетин
Тематичен бюлетин Н
700 1# - Други автори (авторска отговорност)
Лично име Цветкова, Алевтина
Автороска отговорност (Описва отношението между автора и произведението) състав.
9 (RLIN) 315481
700 ## - Други автори (авторска отговорност)
Лично име Тотоманов, Иван Димитров, 1953 -
9 (RLIN) 367882
852 ## - Местоположение
Форматна сигнатура Цб 251941
856 4# - Електронен адрес и достъп
Електронен формат pdf - файл
Път до файла /url/
856 4# - Електронен адрес и достъп
Електронен формат pdf - файл
Път до файла /url/
942 ## - АРТИКУЛИ
Вид на библиотечния материал Книги
Скрит в OPAC Не
944 ## - СЪЗДАВАНЕ И РЕДАКЦИЯ на ЗАПИСА
Създаване/Редакция Създаване
Дата на регистрацията/редакция 16.06.2011
Служител, извършил регистрацията/редакцията Милена_Ачева
944 ## - СЪЗДАВАНЕ И РЕДАКЦИЯ на ЗАПИСА
Създаване/Редакция Редакция
Дата на регистрацията/редакция 13.09.2011
Служител, извършил регистрацията/редакцията
999 ## - СИСТЕМНИ КОНТРОЛНИ НОМЕРА
Koha biblionumber 117979
Koha biblioitemnumber 117979
Наличности
Код за отписване Код за изгубен артикул Код за повреда Коз за рестрикции Код за отдаване Артикулен № Име на библиотеката - собственик Име на библиотеката, в която се намира в момента Статус (Текущо местоположение) Дата на вписване в системата Местоположение - отдел Цена в лева Инвентарен номер Систематично азбучна сигнатура Баркод Номер на екземпляра Цена в евро Служебна бележка Служебен тип на артикула
  Не е изгубен Не е повреден без рестрикции ползва се в читалня 190208 Регионална библиотека "Любен Каравелов" Русе Регионална библиотека "Любен Каравелов" Русе Хранилище 2011-06-16 Хранилище 7.00 120000751158 Цб 251941 120000751158 1 3.58 Дост: Dp Вид: Д N: 2 Дата: 10.01.2011 Книги
Vip Innovations Ltd, Rousse, Bulgaria 2025